| 000 | 00792nam a22002897a 4500 | ||
|---|---|---|---|
| 005 | 20240816161359.0 | ||
| 008 | 161005b2015 cr ||||| |||| 00| 0 spa d | ||
| 020 | _a9789968478632 | ||
| 041 | _aESP | ||
| 082 | _a597.92 C352t | ||
| 100 |
_aCastillo Centeno, Vilma E _925094 |
||
| 100 | _aLaurent, Mathieu | ||
| 245 | _aTortugas continentales de Costa Rica y consecuencias de su cautiverio | ||
| 260 | _aCosta Rica | ||
| 260 | _bV. Castillo | ||
| 260 | _c2015 | ||
| 300 | _a100 páginas | ||
| 505 | _aIncluye ilustraciones a blanco y negro y fotografías a color | ||
| 650 | _aTORTUGAS CONTINENTALES | ||
| 650 | _aHERPETOLOGÍA | ||
| 650 | _aANATOMÍA | ||
| 650 | _aCAUTIVERIO | ||
| 650 | _aCONTROL BIOLÓGICO | ||
| 650 | _aCOSTA RICA | ||
| 942 |
_cBK _2ddc |
||
| 999 |
_c8488 _d8488 |
||